000 00696nam a2200289Ia 4500
005 20260324112316.0
008 008 260324s9999 xx 000 0 eng d
020 _a9781003410119
037 _aEBOOK
040 _aCRL
040 _beng
040 _cCRL
041 _2eng
041 _aeng
084 _qCRL
100 _aChahra Beloufa
_91142156
245 0 _aSpeech Act Theory and Shakespeare
245 0 _bScenes of Thanking in Shakespeare’s Plays
260 _bTaylor and Francis
260 _c2024
365 _a
365 _b230
856 _uhttp://www.taylorfrancis.com/books/9781003410119
942 _cEBOOK
999 _c1731310
_d1731310